000 00996nam a2200241Ia 4500
999 _c38584
_d38584
001 4701
003 GE_BSU
005 20190716174403.0
008 181216s2011||||ge |||||||||||||| ||geo||
020 _a978994103472515
040 _cGE_BSU
041 _ageo
080 _a340.6(075.8) კ-50
100 _aკილასონია, ბესარიონ
_93239
245 _aსასამართლო მედიცინა :
_bსახელმძღვ. /
_cბესარიონ კილასონია ; რედ. რუსუდან ბერიაშვილი
264 _aთბილისი :
_b[გ.გ] ;
_c2011.
300 _a336 გვ. :
_b ილ. ;
_c24 სმ.
504 _aბიბლიოგრ. : გვ. 365-366.
541 _h52 ლ. 50 თ.
653 _aსასამართლო მედიცინა
700 _a ბერიაშვილი, რუსუდან
_eრედაქტორი
_93240
942 _cBK
_2udc